| 000 | 00544nam a2200193Ia 4500 | ||
|---|---|---|---|
| 003 | GCL | ||
| 008 | 140319s9999 xx 000 0 ara d | ||
| 040 |
_aGCL / _cGCL |
||
| 082 | 0 | 4 |
_a907.2 _bم ا |
| 100 | 1 | _aمحمد الجوادى | |
| 245 | 1 | 0 |
_aادباء التنوير والتاريخ الاسلامى / _cمحمد الجوادى |
| 300 | _a79 ص | ||
| 490 | _a | ||
| 650 | 0 | 4 | _aالتاريخ الاسلامى |
| 650 | 0 | 4 | _aالتاريخ |
| 650 | 0 | 4 | _aالمؤرخون |
| 650 | 0 | 4 | _aالمؤرخون العرب |
| 942 |
_2ddc _cBK |
||
| 999 |
_c40816 _d40816 |
||